000 00610nam a22001937a 4500
999 _c170127
_d170127
005 20191211115726.0
010 _aA-678132
020 _c35.00
_a-
035 _aA-678132
037 _bBPPD
082 _a170
100 _aتر وولو ر
245 _aکر ل )تا مل ا د ب کا ا خلا قی شا ہکا ر
_cتر وولو ر
246 _aKurul (Tamil Literature) (Urdu)
_bbyTarulur
260 _aN.Delhi
_c1965 ء
_bSahity Acedemy
270 _a35-Ravender Bhawan,Firozshah Road
_bN.Delhi
_k-
_e110001
300 _a152 ص
_c22 cm(hb)
942 _2ddc
_cUR
_h170
_mت ر و